000 00434cam a2200181ua 4500
020 _c21.00
041 _aeng
_h
082 _a541.369
_bBUT/CH
100 _aButler, J A V .
245 _aChemical thermodynamics /
_cJ A V Butler.
_hTextual Documents
250 _a5 /
_b.
260 _aLondon :
_bMcMillon & Co Ltd ,
_c1965.
300 _a601 ; .
365 _a21.00
504 _a
942 _cBK
999 _c9370
_d9370